| 000 | 00720nam a22002177a 4500 | ||
|---|---|---|---|
| 005 | 20251108165032.0 | ||
| 008 | 250721s2002 xx 000 0 ara d | ||
| 020 | _a9953160848 | ||
| 082 | 1 | 4 | _aط/591/فيث |
| 100 | 1 |
_aفيتزسايموز، سيسيليا _eمؤلف |
|
| 245 | 1 | 0 | _aلم أكن أعلم أن الباندا العملاق يأكل طوال النهار / |
| 264 | 1 |
_aبيروت : _bدار المجاني، _c2002. |
|
| 300 | _a32ص. | ||
| 490 | 0 | _aلم أكن أعلم أن | |
| 650 | 1 | 7 | _aالحيوانات |
| 653 | _aالباندا | ||
| 653 | _aناشاون صغار (10-14) سنه | ||
| 700 | 1 |
_aعيسى، ديانا أبي عبود _eمترجم |
|
| 942 |
_2ddc _cBK |
||
| 999 |
_c20510 _d20510 |
||